000 01390cam a22002054a 4500
005 20250605164044.0
008 250528s ||||||||||||||||||||||||d
035 _a17080
020 _a716730898
040 _aGR-AtMCL
_bgre
_dGR-AtMCL
_eAACR2
245 1 _aAbnormal Psychology / Third Edition
250 _a3rd
260 _bW. H. Freeman And Company,
_c1998
300 _a830
520 _aAbnormal Psychology in Science and Clinical Practice, Abnormal Psychology: Past and Present, Research in Abnormal Psychology, The Psychological Models of Abnormality, The Biological and Sociocultural Models of Abnormality, Clinical Assessment and Diagnosis and Treatment, Problems of Anxiety and Mood, Generalized Anxiety Disorder and Phobias, Panic and Obsessive-Compulsive and Stress Disorders, Mood Disorders, Treatments for Mood Disorders, Suicide, Problems of Mind and Body, Psychosocial Factors in Physical Disorders, Eating Disorders, Substance-Related Disorders, Sexual Disorders and Gender Identity Disorder, Problems of Psychosis and Cognitive Function, Schizophrenia, Treatments for Schizophrenia, Disorders of Memory and Other Cognitive Functions, Life Span-Problems, Personality Disorders, Disorders of Childhood and Old Age, Conclusion, Law and Society and the Mental Health Profession.
700 1 _aComer Ronald J
_9247
942 _cBK
999 _c2520
_d2520